Internetový obchod jako nástroj budování značky
Výhody značkových obchodov na internete. Prepojenie klasického kamenného obchodu s internetovým. Cena v internetovom obchode. Dizajn moderného e-shopu. Postup pri nakupovaní. Marketing internetového obchodu. Hodnotenie úspešnosti obchodu. Problematika udržania si zákazníka.
Gespeichert in:
| 1. Verfasser: | |
|---|---|
| Format: | Buchkapitel |
| Sprache: | Tschechisch |
| Schlagworte: | |
| Tags: |
Keine Tags, Fügen Sie das erste Tag hinzu!
|
MARC
| LEADER | 00000naa$a2200000$$$4500 | ||
|---|---|---|---|
| 001 | 0058242 | ||
| 005 | 20231016105813.3 | ||
| 041 | 0 | |a cze | |
| 044 | |a CZ | ||
| 245 | 1 | 0 | |a Internetový obchod jako nástroj budování značky |c René Keyzlar |
| 520 | |a Výhody značkových obchodov na internete. Prepojenie klasického kamenného obchodu s internetovým. Cena v internetovom obchode. Dizajn moderného e-shopu. Postup pri nakupovaní. Marketing internetového obchodu. Hodnotenie úspešnosti obchodu. Problematika udržania si zákazníka. | ||
| 610 | 2 | 0 | |a obchod elektronický |
| 610 | 2 | 0 | |a značky výrobkov |
| 610 | 2 | 0 | |a zákazníci |
| 610 | 2 | 0 | |a internet |
| 610 | 2 | 0 | |a marketing |
| 100 | 1 | |a Keyzlar, René | |